000
00260 a2200097 4500
001
55640
100
_a
245
_a
Aadhi mulaqat ; makateeb Ahmed NAdeem Qasmi banam Muhammad Fazil
260
_a
Islamabad
_b
Pub United L
_c
2007
090
_c
34513
_d
34513
942
_a
NUST-CAE
_c
MONOGRAPH
_c
27240
999
_c
290713
_d
290713